The Barça Anthem ("Cant del Barça") - Statistics

General Stats
  • This quiz has been taken 106 times
  • The average score is 5 of 12
Answer Stats
Lyrics Answer % Correct
_, _, _! Barça
80%
si del sud o del nord north
49%
som la gent blaugrana. people
49%
Tot el camp field
44%
tenim un nom name
44%
una bandera ens agermana. flag
42%
Tant se val d’on venim we come
42%
Blaugrana al vent wind
38%
ara estem d'acord, estem d'acord, agreed
33%
el sap tothom: everyone
30%
un crit valent brave
27%
és un clam clamor
13%
No matching quizzes found
Score Distribution
Percent of People with Each Score
Percentile by Number Answered
Your Score History
You have not taken this quiz